| 000 | 00406nam a22001457a 4500 | ||
|---|---|---|---|
| 008 | 240926b |||||||| |||| 00| 0 eng d | ||
| 020 | _a0412022516 | ||
| 082 | _a328.16 | ||
| 100 | _aRosenberg M. David | ||
| 245 | _aFreshwater Biomonitoring and benthic macroinvertebrates | ||
| 260 |
_aNew York; _bChapman & Hall, _c1993. |
||
| 300 |
_avi, p. 487; _c23.5 Cm. |
||
| 700 | _aResh H. Vincent | ||
| 942 | _2ddc | ||
| 999 |
_c10042 _d10043 |
||